[Event "ICS rated standard match"]
[Site "204.178.125.65"]
[Date "2000.11.13"]
[Round "?"]
[White "BrazilianMaster"]
[Black "Hossa"]
[Result "1/2-1/2"]
[WhiteElo "2696"]
[BlackElo "2277"]
[PlyCount "142"]
[EventDate "2000.??.??"]

1. e4 c5 2. Nf3 e6 3. d4 cxd4 4. Nxd4 Nc6 5. Nc3 Qc7 6. Be2 a6 7. f4 Bb4 8.
Nxc6 Bxc3+ 9. bxc3 Qxc6 10. Qd4 Nf6 11. e5 Nd5 12. Bd2 b5 13. a4 Bb7 14. Rb1
Ne7 15. Rg1 Nf5 16. Qf2 Qe4 17. axb5 axb5 18. g4 Ne7 19. Qd4 Qxc2 20. Bd3 Qa2
21. Rxb5 Ba6 22. Bb1 Qa3 23. Rb4 Nc6 24. Qe4 Bc8 25. Rb6 Qc5 26. Qe3 Qxe3+ 27.
Bxe3 Ra4 28. h4 f6 29. exf6 gxf6 30. g5 f5 31. h5 e5 32. Bc1 exf4 33. Kf2 Kd8
34. Bxf5 Kc7 35. Bc2 Rc4 36. Rb2 Ne5 37. Rb4 Rxc3 38. Bb1 Rf3+ 39. Ke1 Re8 40.
Kd1 Nd3 41. Bxd3 Rxd3+ 42. Kc2 Ba6 43. Bxf4+ Kc6 44. g6 Re2+ 45. Kc1 hxg6 46.
hxg6 Rc3+ 47. Kd1 Ra2 48. Rg3 Rxg3 49. Bxg3 Rg2 50. Rb3 Be2+ 51. Ke1 Bc4 52.
Rc3 Kb6 53. g7 Kb5 54. Rf3 Ka4 55. Re3 Kb4 56. Bd6+ Kb5 57. Be5 d6 58. Bc3 Kc6
59. Bf6 Kc5 60. Re4 Kb4 61. Rf4 Kb5 62. Rf2 Rxf2 63. Kxf2 Kc6 64. Ke3 Kd7 65.
Ke4 Ke8 66. Bc3 d5+ 67. Ke5 Kf7 68. Kf4 d4 69. Bxd4 Bd3 70. Bf6 Be2 71. g8=Q+
Kxg8 {Game drawn because neither player has mating material} 1/2-1/2

[Event "ICS rated blitz match"]
[Site "204.178.125.65"]
[Date "2000.11.13"]
[Round "?"]
[White "vova24"]
[Black "Hossa"]
[Result "0-1"]
[WhiteElo "2101"]
[BlackElo "2442"]
[PlyCount "24"]
[EventDate "2000.??.??"]

1. e4 c5 2. f4 e5 3. fxe5 Qh4+ 4. Ke2 Qxe4+ 5. Kf2 Qd4+ 6. Ke1 Qh4+ 7. Ke2 Nc6
8. Nf3 Nd4+ 9. Nxd4 Qe4+ 10. Kf2 Qxd4+ 11. Ke1 Qh4+ 12. Ke2 d5 {vova24 resigns}
0-1

[Event "ICS rated blitz match"]
[Site "204.178.125.65"]
[Date "2000.11.13"]
[Round "?"]
[White "Grant1"]
[Black "Hossa"]
[Result "0-1"]
[WhiteElo "2315"]
[BlackElo "2446"]
[PlyCount "41"]
[EventDate "2000.??.??"]

1. c4 Nf6 2. g3 c6 3. Bg2 d5 4. b3 dxc4 5. bxc4 Qd4 6. Nc3 Qxc4 7. Nf3 Nbd7 8.
O-O e5 9. Bb2 Bd6 10. d3 Qb4 11. Rb1 O-O 12. Ba1 Qg4 13. h3 Qf5 14. Qc2 Nc5 15.
e4 Qe6 16. Ng5 Qe7 17. f4 Nh5 18. Ne2 exf4 19. gxf4 Nxf4 20. Nxf4 Qxg5 21. Ne2
{Grant1 resigns} 0-1

[Event "ICS rated blitz match"]
[Site "204.178.125.65"]
[Date "2000.11.13"]
[Round "?"]
[White "Hossa"]
[Black "Valg"]
[Result "1-0"]
[WhiteElo "2456"]
[BlackElo "2589"]
[PlyCount "81"]
[EventDate "2000.??.??"]

1. e4 e5 2. Nf3 Nc6 3. Bb5 a6 4. Ba4 Nf6 5. O-O Be7 6. Re1 b5 7. Bb3 d6 8. c3
O-O 9. h3 Na5 10. Bc2 c5 11. d4 Qc7 12. Nbd2 Bd7 13. Nf1 Rfe8 14. d5 c4 15. Ng3
Rab8 16. Be3 b4 17. Qe2 bxc3 18. bxc3 Rb2 19. Reb1 Reb8 20. Qd1 h6 21. Rxb2
Rxb2 22. Qc1 Rb5 23. Ba4 Rb7 24. Bxd7 Nxd7 25. Nf5 Nf6 26. Bxh6 gxh6 27. Qxh6
Ne8 28. Ng5 Bxg5 29. Qxg5+ Kh7 30. Re1 Qd7 31. Qh6+ Kg8 32. Re3 f6 33. Rg3+ Ng7
34. Qxf6 Rb1+ 35. Kh2 Rb7 36. Nxg7 Qxg7 37. Qd8+ Kf7 38. Rxg7+ Kxg7 39. Qxa5
Rb2 40. Qc7+ Kg8 41. Qxd6 {Valg resigns} 1-0

[Event "ICS rated blitz match"]
[Site "204.178.125.65"]
[Date "2000.11.13"]
[Round "?"]
[White "Valg"]
[Black "Hossa"]
[Result "1-0"]
[WhiteElo "2567"]
[BlackElo "2478"]
[PlyCount "187"]
[EventDate "2000.??.??"]

1. e4 c5 2. Nf3 e6 3. d4 cxd4 4. Nxd4 Nc6 5. Nc3 Qc7 6. Be2 a6 7. O-O Nf6 8.
Be3 Be7 9. f4 d6 10. Qe1 O-O 11. Qg3 Bd7 12. Rad1 d5 13. exd5 exd5 14. Bf3 Be6
15. Rfe1 Bb4 16. Nxc6 Bxc3 17. bxc3 bxc6 18. Bd4 Qd8 19. c4 Rc8 20. cxd5 cxd5
21. c3 Rc6 22. Re3 Kh8 23. Rd2 Rc4 24. Qg5 h6 25. Bxf6 hxg5 26. Bxd8 Rxd8 27.
fxg5 Kh7 28. Be4+ g6 29. Kf2 Rcc8 30. Bf3 Rc5 31. Kg3 Rb8 32. Kf4 Rbb5 33. Red3
Rc4+ 34. Ke3 Bf5 35. Rxd5 Rxc3+ 36. Kd4 Rc1 37. Ke5 Re1+ 38. Kf6 Rb6+ 39. Rd6
Re6+ 40. Rxe6 Bxe6 41. a4 Bb3+ 42. Ke7 Bxa4 43. Kxf7 Bb3+ 44. Ke7 Rb4 45. Rd7
Rf4 46. Kd6+ Rf7 47. Rxf7+ Bxf7 48. Kc5 Bb3 49. Kb4 Bc2 50. Be2 Be4 51. g3 Bb7
52. Ka5 Kg7 53. Kb6 Be4 54. Bxa6 Bg2 55. Kc5 Bh3 56. Kd6 Kf7 57. Bc4+ Kg7 58.
Ke5 Bg2 59. h4 Bf3 60. Be6 Be2 61. Kf4 Kf8 62. Ke3 Bd1 63. Bd5 Ke8 64. Bf3 Bb3
65. g4 Bf7 66. h5 Kf8 67. Kf4 Kg8 68. Kg3 Kg7 69. Kh4 Kg8 70. Kg3 Kg7 71. Kh4
Kg8 72. Be4 Kg7 73. Bd3 Be8 74. Bc2 Bf7 75. Bd3 Be8 76. Be4 Bf7 77. Bc2 Be8 78.
Bb1 Bf7 79. Be4 Be8 80. Bb1 Bf7 81. Be4 Be8 82. h6+ Kh7 83. Kg3 Bb5 84. Kf4 Bc4
85. Ke5 Bf7 86. Kf6 Be8 87. Bc2 Bd7 88. Bxg6+ Kh8 89. Bf7 Bf5 90. gxf5 Kh7 91.
g6+ Kxh6 92. g7 Kh7 93. g8=Q+ Kh6 94. Qg7# {Hossa checkmated} 1-0

[Event "ICS rated blitz match"]
[Site "204.178.125.65"]
[Date "2000.11.13"]
[Round "?"]
[White "Hossa"]
[Black "Valg"]
[Result "1/2-1/2"]
[WhiteElo "2466"]
[BlackElo "2603"]
[PlyCount "200"]
[EventDate "2000.??.??"]

1. e4 e5 2. Nf3 Nc6 3. Bb5 a6 4. Ba4 Nf6 5. O-O Be7 6. Re1 b5 7. Bb3 d6 8. c3
O-O 9. h3 Na5 10. Bc2 c5 11. d4 Qc7 12. Nbd2 Bd7 13. Nf1 Rfe8 14. d5 Nc4 15. b3
Nb6 16. Ng3 a5 17. Be3 Rab8 18. Qe2 c4 19. Rec1 h6 20. Qd2 Rec8 21. Bd1 Rb7 22.
Qb2 cxb3 23. axb3 Re8 24. Qd2 Rc8 25. Ne1 Ra8 26. c4 bxc4 27. Rxa5 Rxa5 28.
Qxa5 Nbxd5 29. Qxc7 Nxc7 30. Rxc4 d5 31. exd5 Ncxd5 32. Bd2 Ra7 33. Nd3 Ra2 34.
Bc2 Ra1+ 35. Kh2 Nb6 36. Rh4 Nfd5 37. Re4 Ra2 38. Ne1 Bd6 39. Re2 Nf4 40. Re3
Nbd5 41. Ne4 Bb4 42. Bxb4 Nxb4 43. Bd3 Nbd5 44. Rf3 f5 45. Nc5 Bc8 46. Bc4 Kh7
47. g3 Ne6 48. Bxd5 Nxc5 49. Rc3 Rxf2+ 50. Kg1 Re2 51. Kf1 Ne4 52. Bxe4 Rxe4
53. Rxc8 Re3 54. Kf2 Rxb3 55. h4 g5 56. hxg5 Rb2+ 57. Kg1 Rb1 58. Kf1 hxg5 59.
Rc5 Rb3 60. Kf2 f4 61. g4 Rg3 62. Rxe5 Rxg4 63. Nf3 Kg6 64. Re6+ Kh5 65. Re8
Rg3 66. Ne5 Kh6 67. Kf1 Kh7 68. Re7+ Kh6 69. Re6+ Kh5 70. Re8 g4 71. Rg8 f3 72.
Nd3 Kh6 73. Nf4 Kh7 74. Rg5 f2 75. Rh5+ Kg7 76. Ne6+ Kf6 77. Rh6+ Kf5 78. Nd4+
Kg5 79. Rh8 Rd3 80. Ne6+ Kf5 81. Nc5 Rc3 82. Rf8+ Ke5 83. Re8+ Kf4 84. Kxf2 g3+
85. Kg2 Rc2+ 86. Kf1 Rxc5 87. Rf8+ Kg4 88. Rg8+ Rg5 89. Rxg5+ Kxg5 90. Kg1 Kf6
91. Kh1 Kg5 92. Kg2 Kh4 93. Kg1 Kh3 94. Kh1 Kg4 95. Kg2 Kf4 96. Kg1 Kf3 97. Kh1
Ke4 98. Kg2 Kf4 99. Kg1 Kf3 100. Kh1 Kf2 {Hossa stalemated} 1/2-1/2

[Event "ICS rated blitz match"]
[Site "204.178.125.65"]
[Date "2000.11.13"]
[Round "?"]
[White "Hossa"]
[Black "ChesterX"]
[Result "1-0"]
[WhiteElo "2472"]
[BlackElo "2348"]
[PlyCount "159"]
[EventDate "2000.??.??"]

1. e4 Nf6 2. e5 Nd5 3. c4 Nb6 4. c5 Nd5 5. d4 d6 6. Nf3 dxc5 7. dxc5 e6 8. Bg5
f6 9. exf6 gxf6 10. Ne5 Bxc5 11. Qh5+ Ke7 12. Qf7+ Kd6 13. Nc4+ Kc6 14. Na5+
Kb6 15. Nc4+ Ka6 16. Nca3+ Ka5 17. Bd2+ Nb4 18. Bc3 Be7 19. Nc2 N8c6 20. a3 Kb6
21. axb4 Ne5 22. Qg7 Qf8 23. Qxf8 Rxf8 24. b5 a5 25. b4 a4 26. Bd4+ c5 27.
bxc5+ Bxc5 28. Bxc5+ Kxc5 29. Nc3 Kd6 30. Rxa4 Rxa4 31. Nxa4 Rd8 32. Be2 Ke7
33. Nb6 Nd7 34. Nxc8+ Rxc8 35. Kd2 Nc5 36. Ke3 e5 37. Nb4 f5 38. Nd5+ Kf7 39.
Rc1 Ke6 40. Bc4 Rd8 41. Rd1 Nd7 42. Kf3 h5 43. Ne3+ Ke7 44. Nxf5+ Kf6 45. Ng3
Ke7 46. Nxh5 e4+ 47. Ke3 Nb6 48. Rxd8 Nxc4+ 49. Kd4 Kxd8 50. Kxc4 Ke7 51. Ng3
e3 52. Nf5+ Ke6 53. Nxe3 Ke5 54. Kc5 Ke4 55. Kb6 Kd3 56. Kxb7 Ke2 57. b6 Kxf2
58. Kc6 Kxe3 59. b7 Kf2 60. g4 Ke3 61. g5 Kf4 62. g6 Kg4 63. g7 Kf5 64. g8=B
Kg5 65. Kc7 Kf5 66. Kb8 Ke5 67. Bh7 Kf4 68. Bg6 Kg5 69. Be4 Kf4 70. Bg2 Ke3 71.
Bh1 Kf2 72. Be4 Kg1 73. Bf3 Kxh2 74. Bc6 Kg3 75. Kc8 Kf4 76. b8=Q+ Kf5 77. Qg3
Ke6 78. Qf4 Ke7 79. Bd5 Ke8 80. Qf7# {ChesterX checkmated} 1-0

[Event "ICS rated blitz match"]
[Site "204.178.125.65"]
[Date "2000.11.13"]
[Round "?"]
[White "SHABBA"]
[Black "Hossa"]
[Result "0-1"]
[WhiteElo "1920"]
[BlackElo "2483"]
[PlyCount "29"]
[EventDate "2000.??.??"]

1. d3 e5 2. Nd2 Nc6 3. e4 Nf6 4. Ngf3 d5 5. g3 Bc5 6. Bg2 dxe4 7. dxe4 O-O 8.
O-O Be6 9. Qe2 Qd7 10. c3 Bh3 11. Re1 Bxg2 12. Kxg2 Ng4 13. h3 Nxf2 14. g4 Nd3
15. Rf1 {SHABBA resigns} 0-1

[Event "ICS rated blitz match"]
[Site "204.178.125.65"]
[Date "2000.11.13"]
[Round "?"]
[White "Hossa"]
[Black "Valg"]
[Result "0-1"]
[WhiteElo "2484"]
[BlackElo "2594"]
[PlyCount "126"]
[EventDate "2000.??.??"]

1. e4 e5 2. Nf3 Nc6 3. Bb5 a6 4. Ba4 Nf6 5. O-O Be7 6. Re1 b5 7. Bb3 d6 8. c3
O-O 9. h3 Na5 10. Bc2 c5 11. d4 Qc7 12. Nbd2 cxd4 13. cxd4 Bb7 14. Nf1 Rac8 15.
Re2 d5 16. dxe5 Nxe4 17. Ng3 Nxg3 18. fxg3 d4 19. Qd3 g6 20. Bh6 Rfd8 21. Rc1
Qc4 22. Qxc4 bxc4 23. e6 d3 24. exf7+ Kxf7 25. Rxe7+ Kxe7 26. Bg5+ Kd6 27. Bxd8
Rxd8 28. Rd1 Rf8 29. Kf2 Nc6 30. Rd2 Nb4 31. Bb1 Nd5 32. Rd1 a5 33. Rc1 Ba6 34.
Kg1 Rb8 35. b3 c3 36. Kf2 Re8 37. Ng5 d2 38. Rd1 Ne3 39. Rg1 d1=Q 40. Nf7+ Kd5
41. Rxd1+ Nxd1+ 42. Kf3 Rf8 43. Kg4 Rxf7 44. Kg5 Ne3 45. Kh6 Rf1 46. Bc2 Nxc2
47. Kg7 Bd3 48. b4 axb4 49. h4 h5 50. g4 hxg4 51. h5 gxh5 52. Kh6 Rg1 53. Kg5
Ra1 54. g3 Rxa2 55. Kxh5 Ne3 56. Kh6 b3 57. Kh5 Rh2+ 58. Kg5 c2 59. Kf6 b2 60.
Kf7 Rh7+ 61. Kf6 c1=Q 62. Kg5 Nf1+ 63. Kf6 Qh6# {Hossa checkmated} 0-1

[Event "ICS rated blitz match"]
[Site "204.178.125.65"]
[Date "2000.11.13"]
[Round "?"]
[White "Valg"]
[Black "Hossa"]
[Result "1/2-1/2"]
[WhiteElo "2546"]
[BlackElo "2514"]
[PlyCount "236"]
[EventDate "2000.??.??"]

1. e4 e5 2. Nf3 Nc6 3. Bb5 a6 4. Ba4 Nf6 5. O-O Be7 6. Re1 b5 7. Bb3 d6 8. c3
O-O 9. h3 Na5 10. Bc2 c5 11. d4 Qc7 12. Nbd2 Bd7 13. Nf1 Rfe8 14. b3 cxd4 15.
cxd4 Rac8 16. Ne3 exd4 17. Nxd4 Nc6 18. Nef5 Nxd4 19. Nxd4 Qc5 20. Bb2 Nh5 21.
Qf3 Bf6 22. Rac1 Bxd4 23. Bxd4 Qxd4 24. Qxh5 Qb2 25. Qd1 Qxa2 26. Re2 Qb2 27.
Ra1 Rc6 28. e5 Qc3 29. Be4 Rb6 30. Rc1 Qb4 31. Qd3 Be6 32. Rc7 Qxb3 33. Qxb3
Bxb3 34. exd6 Rd8 35. Bc6 g5 36. d7 Be6 37. Re4 Kf8 38. Kf1 Ke7 39. h4 f5 40.
Re1 gxh4 41. Rc8 Rxd7 42. Bxd7 Kxd7 43. Rh8 Bc4+ 44. Kg1 Rh6 45. Ra8 Kc7 46.
Re7+ Kb6 47. Rb8+ Ka5 48. Rf8 h3 49. gxh3 Rg6+ 50. Kh2 Bd5 51. h4 Rg2+ 52. Kh3
Rxf2 53. Rxh7 Rf3+ 54. Kh2 Kb4 55. Rd7 Be4 56. h5 Rf4 57. Kh3 Kc5 58. Rc8+ Kb6
59. h6 Rf1 60. Rd6+ Kb7 61. Re8 Bc6 62. Ree6 Rh1+ 63. Kg3 Be4 64. Rxa6 Rh5 65.
Rab6+ Kc7 66. Rxb5 f4+ 67. Kxf4 Rxb5 68. Kxe4 Rh5 69. Ra6 Kb7 70. Rg6 Kc7 71.
Kf4 Kd7 72. Kg4 Rh2 73. Kg5 Ke7 74. Rg7+ Kf8 75. Rd7 Rg2+ 76. Kf6 Rf2+ 77. Kg6
Rg2+ 78. Kf5 Rf2+ 79. Kg4 Kg8 80. Rg7+ Kh8 81. Rd7 Rg2+ 82. Kf5 Rf2+ 83. Kg4
Rg2+ 84. Kf5 Rf2+ 85. Kg5 Rh2 86. Ra7 Rg2+ 87. Kf6 Rf2+ 88. Kg6 Rf8 89. Rh7+
Kg8 90. Rb7 Kh8 91. Rh7+ Kg8 92. Rd7 Kh8 93. Re7 Rg8+ 94. Kf6 Rf8+ 95. Kg6 Rg8+
96. Rg7 Rf8 97. Rc7 Rg8+ 98. Kh5 Rg3 99. Rf7 Rh3+ 100. Kg5 Rg3+ 101. Kh4 Rg1
102. Rb7 Rh1+ 103. Kg5 Rg1+ 104. Kh4 Rh1+ 105. Kg5 Rg1+ 106. Kf6 Rf1+ 107. Ke7
Re1+ 108. Kf7 Rg1 109. Rb6 Rf1+ 110. Kg6 Rg1+ 111. Kf5 Rf1+ 112. Kg5 Rf8 113.
Rb7 Rg8+ 114. Kh5 Rg3 115. Rb6 Rh3+ 116. Kg5 Rg3+ 117. Kf4 Rg2 118. Rb7 Rh2 {
Game drawn by the 50 move rule} 1/2-1/2

[Event "ICS rated blitz match"]
[Site "204.178.125.65"]
[Date "2000.11.13"]
[Round "?"]
[White "Hossa"]
[Black "Valg"]
[Result "0-1"]
[WhiteElo "2515"]
[BlackElo "2570"]
[PlyCount "90"]
[EventDate "2000.??.??"]

1. e4 e5 2. Nc3 Nf6 3. Nf3 Nc6 4. d3 Bb4 5. Bd2 O-O 6. a3 Be7 7. Be2 d5 8. O-O
h6 9. exd5 Nxd5 10. Ne4 Be6 11. Ng3 Qd7 12. Qc1 Rab8 13. b3 Rbd8 14. Qb2 Rfe8
15. Rfd1 Bd6 16. Ne4 Nf4 17. Bxf4 exf4 18. Re1 Re7 19. c3 Bd5 20. Nfd2 Rde8 21.
Qc2 Qe6 22. b4 b5 23. a4 a6 24. axb5 axb5 25. Rec1 Kh8 26. Rf1 Kg8 27. Qd1 Be5
28. Nc5 Qg6 29. Nde4 Bd6 30. Bf3 Ne5 31. Bh5 Qf5 32. h3 Bxc5 33. Nxc5 f3 34. g4
Qg5 35. Qc1 Qh4 36. Kh2 g6 37. Rg1 Qxf2+ 38. Kh1 Qh4 39. Kh2 Nxd3 40. Qf1 Re2+
41. Rg2 fxg2 42. Qxe2 g1=Q+ 43. Kxg1 Qg3+ 44. Kf1 Qxh3+ 45. Kg1 Qh1# {
Hossa checkmated} 0-1

[Event "ICS rated blitz match"]
[Site "204.178.125.65"]
[Date "2000.11.13"]
[Round "?"]
[White "Jossi"]
[Black "Hossa"]
[Result "0-1"]
[WhiteElo "2199"]
[BlackElo "2502"]
[PlyCount "58"]
[EventDate "2000.??.??"]

1. e4 e5 2. Nf3 Nc6 3. Bc4 Be7 4. d3 Nf6 5. Nc3 d6 6. Be3 Na5 7. Bb3 Nxb3 8.
axb3 O-O 9. O-O Bd7 10. h3 a6 11. Nh2 Be6 12. Qc1 d5 13. exd5 Nxd5 14. Ne4 f5
15. Nc3 Nxc3 16. bxc3 Bd5 17. Bd2 Qd6 18. c4 Bc6 19. Bc3 Qg6 20. f3 Bc5+ 21.
Kh1 Rfe8 22. Qb2 Qg3 23. Rae1 Bd6 24. Re2 e4 25. f4 Bxf4 26. Rxf4 Qxf4 27. Bxg7
exd3 28. Rxe8+ Rxe8 29. Bh8 Re1+ {Jossi resigns} 0-1

[Event "ICS rated bullet match"]
[Site "204.178.125.65"]
[Date "2000.11.13"]
[Round "?"]
[White "Hossa"]
[Black "loiu"]
[Result "1-0"]
[WhiteElo "2423"]
[BlackElo "1945"]
[PlyCount "85"]
[EventDate "2000.??.??"]

1. c4 c6 2. e4 d5 3. cxd5 cxd5 4. exd5 Nf6 5. Nc3 Nxd5 6. Nf3 Nc6 7. d4 e6 8.
Bb5 Nxc3 9. bxc3 Qb6 10. Rb1 Bd7 11. Ne5 Qc7 12. Nxd7 Qxd7 13. O-O a6 14. Bd3
g6 15. Qf3 Be7 16. Bh6 Bf8 17. Qf6 Rg8 18. Bxf8 Kxf8 19. Be4 Rc8 20. Rfc1 b5
21. Bxc6 Rxc6 22. a4 Qe7 23. Qxe7+ Kxe7 24. axb5 axb5 25. Rxb5 Rgc8 26. Rc5
Rxc5 27. dxc5 Rxc5 28. Kf1 Rc4 29. Ke2 Kd6 30. Kd3 Rc5 31. c4 e5 32. Rd1 f5 33.
Kc3+ Kc6 34. Rd8 Kb6 35. Rb8+ Kc7 36. Rh8 h5 37. Re8 e4 38. Kd4 Rc6 39. c5 Rf6
40. Re7+ Kc6 41. h4 Kb5 42. Rb7+ Kc6 43. Rb6+ {loiu resigns} 1-0

[Event "ICS rated bullet match"]
[Site "204.178.125.65"]
[Date "2000.11.13"]
[Round "?"]
[White "Hossa"]
[Black "APetelin"]
[Result "1-0"]
[WhiteElo "2436"]
[BlackElo "2165"]
[PlyCount "45"]
[EventDate "2000.??.??"]

1. e4 d5 2. exd5 Qxd5 3. Nc3 Qa5 4. d4 Nf6 5. Nf3 Bg4 6. h3 Bh5 7. g4 Bg6 8.
Ne5 e6 9. Bg2 c6 10. h4 Be4 11. Nc4 Qb4 12. a3 Qxc4 13. Nxe4 Nxe4 14. Bxe4 Nd7
15. Qd3 Qxd3 16. Bxd3 h6 17. Bf4 Nf6 18. Rg1 Nd5 19. Be5 f6 20. Bg3 Kd7 21. c4
Nb6 22. b3 Bd6 23. Bxd6 {APetelin resigns} 1-0

[Event "ICS rated bullet match"]
[Site "204.178.125.65"]
[Date "2000.11.13"]
[Round "?"]
[White "APetelin"]
[Black "Hossa"]
[Result "0-1"]
[WhiteElo "2159"]
[BlackElo "2442"]
[PlyCount "70"]
[EventDate "2000.??.??"]

1. e4 e5 2. Nf3 Nc6 3. Bb5 a6 4. Bxc6 dxc6 5. Nc3 f6 6. d4 Bb4 7. dxe5 Qxd1+ 8.
Kxd1 fxe5 9. Nxe5 Nf6 10. f3 Bxc3 11. bxc3 O-O 12. Ba3 Re8 13. Nd3 Be6 14. Kc1
b6 15. Bb2 Bc4 16. a4 Rad8 17. Kd2 Re7 18. Rhd1 h6 19. a5 g6 20. Ba3 c5 21.
Rab1 Re6 22. h4 Kg7 23. g4 h5 24. g5 Nd7 25. Ke3 Rd6 26. f4 Re8 27. e5 Rc6 28.
Nf2 Re7 29. Ne4 bxa5 30. Rd2 Rf7 31. Rb7 Nb6 32. Nxc5 Nd5+ 33. Rxd5 Bxd5 34.
Kd4 Rxc5 35. Kxc5 Bxb7 {APetelin resigns} 0-1

[Event "ICS rated bullet match"]
[Site "204.178.125.65"]
[Date "2000.11.13"]
[Round "?"]
[White "Hossa"]
[Black "APetelin"]
[Result "1-0"]
[WhiteElo "2447"]
[BlackElo "2154"]
[PlyCount "75"]
[EventDate "2000.??.??"]

1. e4 d5 2. exd5 Qxd5 3. Nc3 Qa5 4. d4 Nf6 5. Nf3 Bg4 6. h3 Bh5 7. g4 Bg6 8.
Ne5 e6 9. Bg2 c6 10. h4 Be4 11. Nc4 Qb4 12. a3 Qxc4 13. Nxe4 Nxe4 14. Bxe4 Nd7
15. Qd3 Qxd3 16. Bxd3 h6 17. Bf4 Nf6 18. Rg1 O-O-O 19. Be5 Be7 20. g5 hxg5 21.
hxg5 Nd5 22. Bxg7 Rh5 23. g6 f6 24. Be4 Rg8 25. c4 Nf4 26. Rg4 Nh3 27. Bxf6
Bxf6 28. Bg2 Ng5 29. Rd1 e5 30. dxe5 Bxe5 31. f4 Bxb2 32. Rxg5 Rxg5 33. fxg5
Rxg6 34. Bh3+ Kc7 35. c5 Rg7 36. Rd3 Bc1 37. g6 Rxg6 38. Rd7+ {APetelin resigns
} 1-0

[Event "ICS rated bullet match"]
[Site "204.178.125.65"]
[Date "2000.11.13"]
[Round "?"]
[White "APetelin"]
[Black "Hossa"]
[Result "0-1"]
[WhiteElo "2149"]
[BlackElo "2452"]
[PlyCount "28"]
[EventDate "2000.??.??"]

1. e4 e5 2. Nf3 Nc6 3. Bb5 f5 4. exf5 e4 5. Ng1 Qg5 6. g4 Nd4 7. Ba4 b5 8. d3
Qe7 9. Bb3 exd3+ 10. Be3 dxc2 11. Bxc2 Nxc2+ 12. Qxc2 Bb7 13. Nc3 Bxh1 14. Nxb5
Qb4+ {APetelin resigns} 0-1

[Event "ICS rated bullet match"]
[Site "204.178.125.65"]
[Date "2000.11.13"]
[Round "?"]
[White "Hossa"]
[Black "APetelin"]
[Result "1-0"]
[WhiteElo "2457"]
[BlackElo "2144"]
[PlyCount "56"]
[EventDate "2000.??.??"]

1. e4 d5 2. exd5 Qxd5 3. Nc3 Qa5 4. d4 Nf6 5. Nf3 Bg4 6. h3 Bh5 7. g4 Bg6 8.
Ne5 e6 9. Bg2 c6 10. h4 Be4 11. Nc4 Qb4 12. a3 Qxc4 13. Nxe4 Nbd7 14. b3 Qa6
15. c3 O-O-O 16. Ng5 Ne5 17. Bf1 Qa5 18. Bd2 h6 19. dxe5 Qxe5+ 20. Qe2 Qxe2+
21. Bxe2 hxg5 22. Bxg5 Be7 23. h5 Rd7 24. Rh3 Nd5 25. Bxe7 Rxe7 26. O-O-O Nf4
27. Re3 f6 28. Rd4 e5 {APetelin resigns} 1-0

[Event "ICS rated bullet match"]
[Site "204.178.125.65"]
[Date "2000.11.13"]
[Round "?"]
[White "APetelin"]
[Black "Hossa"]
[Result "1-0"]
[WhiteElo "2139"]
[BlackElo "2462"]
[PlyCount "77"]
[EventDate "2000.??.??"]

1. e3 d5 2. c4 e5 3. cxd5 Qxd5 4. Nc3 Qd6 5. Nf3 Nc6 6. Bb5 Bg4 7. Qa4 Bxf3 8.
gxf3 Nge7 9. Ne4 Qg6 10. Nc5 Qg2 11. Rf1 Qxf3 12. Nxb7 h5 13. b3 Kd7 14. Ba3
Rb8 15. Na5 Rxb5 16. Qxb5 a6 17. Qa4 Ke6 18. Rc1 Nxa5 19. Qxa5 Nd5 20. Qxa6+
Nb6 21. Bxf8 Rxf8 22. Rxc7 Rb8 23. Rg1 Qe4 24. Rxg7 Kd6 25. Rgxf7 Qb1+ 26. Ke2
Ke6 27. Rce7+ Kd6 28. Rh7 Qg1 29. Rd7+ Kc5 30. Qa5+ Kc6 31. Rc7+ Kd6 32. Qc5+
Ke6 33. Qe7+ Kf5 34. Rf7+ Kg4 35. Rg7+ Kh3 36. Rxg1 Rg8 37. Rxg8 e4 38. Rg3+
Kxh2 39. Qh4# {Hossa checkmated} 1-0

[Event "ICS rated blitz match"]
[Site "204.178.125.65"]
[Date "2000.11.13"]
[Round "?"]
[White "Ziko"]
[Black "Hossa"]
[Result "0-1"]
[WhiteElo "2070"]
[BlackElo "2526"]
[PlyCount "58"]
[EventDate "2000.??.??"]

1. d4 Nf6 2. Nf3 g6 3. c4 Bg7 4. Nc3 d5 5. cxd5 Nxd5 6. e4 Nxc3 7. bxc3 O-O 8.
Rb1 c5 9. Be2 Nc6 10. d5 Bxc3+ 11. Bd2 Bxd2+ 12. Qxd2 Nb8 13. h4 Nd7 14. h5 Nf6
15. hxg6 fxg6 16. e5 Ng4 17. Bc4 Rxf3 18. gxf3 Bf5 19. fxg4 Bxb1 20. Qh6 g5 21.
Qxg5+ Kh8 22. Qe3 Qa5+ 23. Kf1 Qa4 24. Bb3 Qxg4 25. d6 c4 26. Ba4 b5 27. Bxb5
Qd1+ 28. Kg2 Rg8+ 29. Kh2 Qh5+ {Ziko resigns} 0-1

[Event "ICS rated bullet match"]
[Site "204.178.125.65"]
[Date "2000.11.13"]
[Round "?"]
[White "Kuusaa"]
[Black "Hossa"]
[Result "0-1"]
[WhiteElo "1902"]
[BlackElo "2434"]
[PlyCount "26"]
[EventDate "2000.??.??"]

1. e4 e5 2. Nf3 Nc6 3. Bc4 Be7 4. d3 Nf6 5. c3 O-O 6. b4 d5 7. exd5 Nxd5 8. O-O
Bg4 9. Bb2 Nf4 10. Qc2 Bxf3 11. gxf3 Bxb4 12. cxb4 Qg5+ 13. Kh1 Qg2# {
Kuusaa checkmated} 0-1

[Event "ICS rated bullet match"]
[Site "204.178.125.65"]
[Date "2000.11.13"]
[Round "?"]
[White "Hossa"]
[Black "Kuusaa"]
[Result "1-0"]
[WhiteElo "2435"]
[BlackElo "1901"]
[PlyCount "59"]
[EventDate "2000.??.??"]

1. e3 d5 2. c4 e6 3. cxd5 exd5 4. d4 Nf6 5. Nf3 c6 6. Bd3 Bg4 7. Qb3 Qc7 8. h3
Bxf3 9. gxf3 Nbd7 10. Nc3 O-O-O 11. Bd2 Kb8 12. O-O-O a6 13. Bxa6 Qb6 14. Qxb6
Nxb6 15. Bd3 Bb4 16. Kb1 g6 17. a3 Bd6 18. e4 dxe4 19. fxe4 Bc7 20. Bg5 Nbd7
21. e5 Nh5 22. Bxd8 Bxd8 23. Ne4 Nb6 24. Rc1 Rf8 25. Kc2 Nd5 26. Bc4 Nhf4 27.
Bxd5 Nxd5 28. h4 f6 29. Nc5 fxe5 30. Nd7+ {Kuusaa resigns} 1-0

[Event "ICS rated blitz match"]
[Site "204.178.125.65"]
[Date "2000.11.13"]
[Round "?"]
[White "Hossa"]
[Black "caycedaisy1"]
[Result "1-0"]
[WhiteElo "2528"]
[BlackElo "1919"]
[PlyCount "31"]
[EventDate "2000.??.??"]

1. e3 d5 2. c4 dxc4 3. Bxc4 Nf6 4. Nf3 Bg4 5. Ne5 Be6 6. Bxe6 fxe6 7. d4 Nbd7
8. Qb3 Nxe5 9. dxe5 Nd5 10. Qxb7 g6 11. O-O Kf7 12. e4 Nb6 13. Nc3 Qd4 14. Be3
Qxe5 15. Bxb6 axb6 16. Qxa8 {caycedaisy1 resigns} 1-0

[Event "ICS rated blitz match"]
[Site "204.178.125.65"]
[Date "2000.11.13"]
[Round "?"]
[White "Liff"]
[Black "Hossa"]
[Result "0-1"]
[WhiteElo "2325"]
[BlackElo "2529"]
[PlyCount "53"]
[EventDate "2000.??.??"]

1. g3 Nf6 2. Bg2 d5 3. b3 e5 4. Bb2 Nc6 5. e3 Bc5 6. d3 O-O 7. Ne2 Bg4 8. O-O
Qd7 9. Nd2 Bh3 10. a3 Bxg2 11. Kxg2 Qf5 12. Nc3 a6 13. e4 dxe4 14. Ndxe4 Bd4
15. Nxf6+ Qxf6 16. Ne4 Qe6 17. Bxd4 Nxd4 18. f4 f5 19. Ng5 Qc6+ 20. Kg1 h6 21.
Nf3 Nxc2 22. Rc1 Qb6+ 23. Rf2 Ne3 24. Qe2 exf4 25. gxf4 Ng4 26. d4 Nxf2 27.
Qxf2 {Liff resigns} 0-1

[Event "ICS rated blitz match"]
[Site "204.178.125.65"]
[Date "2000.11.13"]
[Round "?"]
[White "Hossa"]
[Black "PostModernist"]
[Result "1-0"]
[WhiteElo "2537"]
[BlackElo "2725"]
[PlyCount "97"]
[EventDate "2000.??.??"]

1. e3 e5 2. d4 d5 3. dxe5 f6 4. c4 Be6 5. cxd5 Bxd5 6. Nc3 Bb4 7. Bd2 Bxc3 8.
Bxc3 Nc6 9. exf6 Nxf6 10. Bxf6 gxf6 11. Ne2 Qd6 12. Nc3 O-O-O 13. Nxd5 Qxd5 14.
Qxd5 Rxd5 15. Bc4 Rd6 16. Rd1 Rhd8 17. Rxd6 Rxd6 18. Ke2 Ne5 19. Bb3 Kd7 20.
Bc2 h5 21. Bf5+ Kd8 22. Rc1 Rb6 23. Rd1+ Ke7 24. b3 Ra6 25. Rd2 Rd6 26. Rxd6
cxd6 27. g3 Kf7 28. Be4 b5 29. f4 Ng4 30. h3 Nh6 31. b4 Ke6 32. Bc6 Nf5 33. Kf2
a6 34. Bb7 Kd7 35. Bxa6 Kc6 36. Bc8 Ng7 37. g4 h4 38. Kf3 Kd5 39. g5 fxg5 40.
fxg5 Kc4 41. Kg4 Kxb4 42. g6 Kc4 43. Kg5 Kd5 44. Kf6 Nh5+ 45. Kf7 Ke5 46. Ba6
b4 47. Be2 Ng3 48. Bg4 Ne4 49. g7 {PostModernist resigns} 1-0

[Event "ICS rated blitz match"]
[Site "204.178.125.65"]
[Date "2000.11.13"]
[Round "?"]
[White "PostModernist"]
[Black "Hossa"]
[Result "1-0"]
[WhiteElo "2701"]
[BlackElo "2561"]
[PlyCount "69"]
[EventDate "2000.??.??"]

1. d4 Nf6 2. c4 e6 3. Nf3 d5 4. Nc3 c6 5. Bg5 h6 6. Bxf6 Qxf6 7. e3 Bd6 8. Bd3
Nd7 9. O-O Qe7 10. e4 dxc4 11. Bxc4 O-O 12. e5 Bb4 13. Bd3 Rd8 14. Qe2 Nf8 15.
Qe4 Ba5 16. a3 Qd7 17. Rfd1 Ng6 18. Qg4 Qe8 19. Bxg6 fxg6 20. Ne4 Bc7 21. Nh4
g5 22. f4 Qf7 23. fxg5 h5 24. Qg3 Qd7 25. Nf6+ gxf6 26. gxf6+ Kf8 27. Ng6+ Ke8
28. Ne7 Qxe7 29. fxe7 Rxd4 30. Rxd4 Bb6 31. Qg7 Bxd4+ 32. Kh1 Kd7 33. Qf8 Kc7
34. Qd8+ Kb8 35. Qd6# {Hossa checkmated} 1-0